| 000 | 02594nam a2200217Ia 4500 | ||
|---|---|---|---|
| 003 | Ost | ||
| 005 | 20260507074941.0 | ||
| 008 | 260507s9999||||xx |||||||||||||| ||und|| | ||
| 040 | _cfsecg | ||
| 041 | _aara | ||
| 082 | _a658 | ||
| 100 |
_aملوخية، احمد فوزي _eمؤلف |
||
| 245 | 0 |
_aالادارة لرجال الاعمال و الحكومات / _c احمد فوزي ملوخية |
|
| 260 |
_aالاسكندرية: _bدار الفكر الجامعي, _c2007 |
||
| 300 |
_a263 صفحة؛ _c24 سم |
||
| 504 | _aبيبليوغرافيا ص.255 | ||
| 520 | _aيعرض هذا الكتاب الفصل الاول : اساسيات الادارة العامة : اولا : اسباب دراسة الادارة- الفصل الثانى : المداخل المعاصرة لدراسة الادارة العامة : أولا : المدخل القانونى : ثانيا : المدخل الوصفى (او الشكلى)- الفصل الثالث : المديريون : وظائفهم وممارستهم : تعريف المدير-الفصل الرابع : الجهاز الادارى للدولة : اولا : الاهداف العامة : ثانيا : تصنيف المنظمات العامة- الفصل الخامس : البيروقراطية : اولا : نظرية ماكس فير فى البيروقراطية : ثانيا : الاطار الفكرى للبيروقراطية- الفصل السادس : الدولة والحكومة : اولا : مفهوم الدولة : ثانيا : أركان الدولة- الفصل السابع : البيئة السياسية : اولا : نوع الدولة : ثانيا : نظام الحكم- الفصل الثامن : البيئة الاجتماعية : اولا : البناء الاجتماعى : ثانيا : التركيب التعليمي والثقافي- الفصل التاسع : البيئة الاقتصادية : اولا : تركيب الهيكل الاقتصادى : ثانيا : مستوى التقدم الاقتصادي-الفصل العاشر : السلطة : اولا : مفهوم السلطة : الفصل الحادى عشر : المسئولية العامة- الفصل الثانى عشر : المركزية واللامركزية- الفصل الثالث عشر : اتخاذ القرارات- الفصل الرابع عشر : الادارة المحلية- الفصل الخامس عشر : اتجاهات وتحديات الاعمال فى القرن الحادى والعشرين وكيفية مواجهتها. | ||
| 653 | _aإدارة الاعمال | ||
| 653 | _aرجال الأعمال | ||
| 942 | _cكتاب | ||
| 999 |
_c41932 _d41932 |
||